Philosophy of mass communication research (Record no. 81874)

MARC details
000 -LEADER
fixed length control field 00781nam a2200181 a 4500
008 - FIXED-LENGTH DATA ELEMENTS--GENERAL INFORMATION
fixed length control field 080221s1989 ||||||||||||||||| || u
020 ## - INTERNATIONAL STANDARD BOOK NUMBER
International Standard Book Number 070212298X
050 ## - LIBRARY OF CONGRESS CALL NUMBER
Classification number P 92 Jan
100 ## - MAIN ENTRY--PERSONAL NAME
Personal name Jansen, Nerina
245 10 - TITLE STATEMENT
Title Philosophy of mass communication research
Statement of responsibility, etc. Nerina Jansen
260 ## - PUBLICATION, DISTRIBUTION, ETC.
Place of publication, distribution, etc. Capt Town
Name of publisher, distributor, etc. Juta and Company
Date of publication, distribution, etc. 1989
300 ## - PHYSICAL DESCRIPTION
Extent xi, 89p.
350 ## -
-- 0.00
650 ## - SUBJECT ADDED ENTRY--TOPICAL TERM
Topical term or geographic name entry element COMMUNICATION
650 ## - SUBJECT ADDED ENTRY--TOPICAL TERM
Topical term or geographic name entry element MASS COMMUNICATION--RESEARCH
995 ## -
-- MAIN LIBRARY OPEN ACCESS
-- 0.00
-- 738470
-- CBU-MAIN LIBRARY (Kitwe)
-- 1
-- 0.00
-- P 92 JAN
-- 1
-- AVAILABLE
-- Feb 21, 2008
-- 738474
-- Main Library Open Access Collection
995 ## -
-- MAIN LIBRARY OPEN ACCESS
-- 0.00
-- 738475
-- CBU-MAIN LIBRARY (Kitwe)
-- 1
-- 0.00
-- P 92 JAN
-- 2
-- AVAILABLE
-- Feb 21, 2008
-- 738475
-- Main Library Open Access Collection
999 ## -
-- 81874
-- 81874
Holdings
Withdrawn status Lost status Source of classification or shelving scheme Damaged status Not for loan Permanent Location Current Location Shelving location Date acquired Total Checkouts Full call number Barcode Date last seen Copy number Price effective from Koha item type
          CBU-MAIN LIBRARY, KITWE. CBU-MAIN LIBRARY, KITWE.   09/12/2023   P 92 Jan 738474 09/12/2023 1 09/12/2023 MONOGRAPH
          CBU-MAIN LIBRARY, KITWE. CBU-MAIN LIBRARY, KITWE.   09/12/2023   P 92 Jan 738475 09/12/2023 2 09/12/2023 MONOGRAPH